Naučte sa vytvárať príťažlivosť
Predaj v období krízy je nekompromisným testom obchodnej zručnosti a komerčnej schopnosti. Tucet marketingových pravidiel. Postrehy zo sveta.
Salvato in:
| Autore principale: | |
|---|---|
| Natura: | Capitolo di libro |
| Lingua: | slovacco |
| Soggetti: | |
| Tags: |
Nessun Tag, puoi essere il primo ad aggiungerne!!
|
MARC
| LEADER | 00000naa$a2200000$$$4500 | ||
|---|---|---|---|
| 001 | 0116662 | ||
| 005 | 20231128094849.0 | ||
| 041 | 0 | |a slo | |
| 044 | |a SK | ||
| 245 | 1 | 0 | |a Naučte sa vytvárať príťažlivosť |c Emil Burák |
| 520 | |a Predaj v období krízy je nekompromisným testom obchodnej zručnosti a komerčnej schopnosti. Tucet marketingových pravidiel. Postrehy zo sveta. | ||
| 610 | 2 | 0 | |a obchod |
| 610 | 2 | 0 | |a obchodníci |
| 610 | 2 | 0 | |a marketing |
| 610 | 2 | 0 | |a úspech pracovný |
| 100 | 1 | |a Burák, Emil | |